BABYMONSTER - Toutes les chansons - Statistiques

Statistiques générales
  • Ce quiz a été pris 495 fois
    35 depuis la dernière actualisation
  • Le résultat moyen est 23 sur 27
Statistiques - réponses
Hint Réponse % Correct
춤 (CHOOM) 2 춤 (CHOOM)
100%
WE GO UP 1 WE GO UP
100%
DRIP 2 DRIP
94%
DRIP 8 FOREVER
94%
BABYMONS7ER 3 LIKE THAT
94%
WE GO UP 2 PSYCHO
94%
Singles 2023 BATTER UP
88%
BABYMONS7ER 5 BATTER UP (7 ver.)
88%
DRIP 9 BATTER UP (Remix) - Bonus Track
88%
Singles 2025 Ghost pour Mieruko-chan
88%
DRIP 3 Love, Maybe
88%
BABYMONS7ER 1 MONSTERS (Intro)
88%
BABYMONS7ER 2 SHEESH
88%
Singles 2024 Stuck in the Middle
88%
BABYMONS7ER 4 Stuck in the Middle (7 ver.)
88%
WE GO UP 4 WILD
88%
DRIP 7 Woke Up In Tokyo (RUKA & ASA)
88%
DRIP 5 BILLIONAIRE
82%
DRIP 1 CLIK CLAK
82%
춤 (CHOOM) 3 I LIKE IT
82%
춤 (CHOOM) 4 LOCKED IN
82%
DRIP 6 Love In My Heart
82%
춤 (CHOOM) 1 MOON
82%
BABYMONS7ER 6 DREAM
76%
Singles 2025 HOT SAUCE
76%
DRIP 4 Really Like You
76%
WE GO UP 3 SUPA DUVA LUV
12%
Aucun quiz correspondant
Distribution des résultats
% des personnes avec chaque résultat
Percentile par nombre de réponses
Votre historique - résultats
Vous n’avez pas pris ce quiz depuis la dernière actualisation